Elements of variable renumeration and its impact on employee motivation performance diplomová práca

Uložené v:
Podrobná bibliografia
Hlavný autor: Ganzarčík, Juraj
Korporativný autor: Ekonomická univerzita v Bratislave. Ústav medzinárodných programov
Ďalší autori: Blštáková, Jana, 1980-
Médium: Kniha
Jazyk:English
Vydavateľské údaje: Bratislava 2011
Tagy: Pridať tag
Žiadne tagy, Buďte prvý, kto otaguje tento záznam!

MARC

LEADER 00000nam a2200000 4500
001 0149729
005 20240318114250.8
041 0 |a eng 
044 |a SK 
245 1 0 |a Elements of variable renumeration and its impact on employee motivation performance  |b diplomová práca  |c Juraj Ganzarčík ; školiteľ: Jana Blštáková 
264 1 |a Bratislava  |c 2011 
300 |a 59 s. 
100 1 |a Ganzarčík, Juraj 
700 1 |a Blštáková, Jana, 1980- 
710 2 |a Ekonomická univerzita v Bratislave. Ústav medzinárodných programov